Paesi di nascita di Cittadini italiani non nati in Italia - Statistics

Statistiche generali
  • Questo quiz è stato fatto 43 volte
  • Il punteggio medio è 12 su 28
Statistiche sulle risposte
Personaggio Paese % Corretto
Ermal Meta Albania
98%
Emanuela Orlandi Città del Vaticano
80%
Giuseppe Garibaldi Francia
75%
Vanessa Incontrada Spagna
75%
Elly Schlein Svizzera
75%
Edinson Cavani Uruguay
65%
Ugo Foscolo Grecia
58%
Éva Henger Ungheria
58%
Kasia Smutniak Polonia
55%
Giuseppe Ungaretti Egitto
45%
Melissa Satta Stati Uniti
45%
Rula Jebreal Israele
40%
Khaby Lame Senegal
40%
Baby K Singapore
40%
Sandra Milo Tunisia
40%
Riccardo Cocciante Vietnam
38%
Bello FiGo Ghana
35%
Lucio Fontana Argentina
33%
Yeman Crippa Etiopia
30%
Gad Lerner Libano
30%
Italo Calvino Cuba
28%
Rocco Casalino Germania
28%
Lorenzza Brasile
25%
Luca Peracino (PanPers) Malta
25%
Franco Califano Libia
23%
Simone Perrotta Regno Unito
23%
Margaret Mazzantini Irlanda
15%
Federico Barbarossa Turchia
13%
Nessun quiz corrispondente trovato
Distribuzione punteggi
Percentuale di utenti per punteggio
Percentile per numero di risposta
I tuoi punteggi nel tempo
Non hai fatto questo quiz